| 000 | 01125nam0a22002771 4500 | ||
|---|---|---|---|
| 001 | rc\3477174 | ||
| 005 | 20260407134030.0 | ||
| 021 |
_aRU _b[74-61902] |
||
| 035 | _a(NLR Aleph) 007643043 | ||
| 090 |
_a6146665 _c6146665 |
||
| 100 | _a20130115d1974 |||y0rusy50 ca | ||
| 101 | 0 | _arus | |
| 102 | _aRU | ||
| 105 | _ay z ||||| | ||
| 200 | 1 |
_aНациональная историография стран Юго-Восточной Азии _e[Сборник статей _fРед. коллегия: ...А.Н. Узянов (отв. ред.)] _gАН СССР. Ин-т востоковедения |
|
| 210 |
_aМосква _cНаука _d1974 |
||
| 215 |
_a247 с. _d20 |
||
| 320 | _aСписки лит. в конце статей | ||
| 606 |
_aИсториография стран Юго-Восточной Азии _2psbo |
||
| 702 | 1 |
_aУзянов _bА.Н. _gАнтон Никифорович _4340 |
|
| 712 | 0 | 2 |
_aИнститут востоковедения _cМосква _3RU\NLR\AUTH\8810000899 _9498968 |
| 801 | 0 |
_aRU _bNLR _gpsbo |
|
| 801 | 1 |
_aRU _bELAR _2rusmarc |
|
| 852 |
_aNLR _j74-3/1841 |
||
| 942 | _cBOOK | ||
| 980 | _aNB | ||